| 000 | 00571nam a2200217Ia 4500 | ||
|---|---|---|---|
| 003 | OSt | ||
| 005 | 20230427140614.0 | ||
| 008 | 210423s2000 xx 000 0 und d | ||
| 020 | _a8178882299 | ||
| 040 | _cAL | ||
| 041 | _aeng | ||
| 082 | _a363.73 NAKN | ||
| 100 |
_aNAKICENOVIC (Nebojsa). _994092 |
||
| 245 | _aSpecial report on emissions scenarios. | ||
| 260 |
_aCambridge _bCambridge University Press _c2000 |
||
| 300 |
_axii _bHB |
||
| 365 | _cINR | ||
| 650 |
_aEnvironmental Problems _994093 |
||
| 906 | _aemissions ; report ; scenarios | ||
| 942 |
_2ddc _cBK |
||
| 999 |
_c162792 _d162792 |
||